000 01060nam a2200277Ia 4500
003 OSt
005 20221005103202.0
006 a|||||r|||| 00| 0
007 ta
008 221004b |||||||| |||| 00| 0 hin d
020 _a9789380913070 (hbk)
_cINR 300.00
024 _a42952
037 _b306, 15/03/2019, Shivalik Prakashan
_cTextual
040 _aCRL
_cCRL
_bhin
041 _2hin
_ahin
082 _aO152,3N484:g, Q8
100 _aराउत, विजयकुमार, ले.
245 0 _aकहानीकार नासिरा शर्मा
246 _aKahānīkār nāsirā sharmā
260 _aकानपुर
_bदिव्य डिस्ट्रीब्यूटर्स भारत
_c2018
300 _a112पृ0
_ccm.
650 _a हिन्दी साहित्य
650 _aहिन्दी कहानी
942 _hO152,3N484:g, Q8
_cTEXL
_2cc
999 _c1009591
_d1009591